000 00498cam a22001577a 4500
008 180718b2004 xxu||||| |||| 00| 0 eng d
100 _aBolaky, Bineswaree
245 _aTrade, regulations, and growth
_cby Bineswaree Bolaky and Caroline Freund
260 _aWashington, D.C.
_bWorld Bank
_c2004
300 _a40p.
440 _aPolicy research working paper; no. 3255
650 _aCost and standard of living
650 _aTrade regulation
650 _aFree trade
700 _aFreund, Caroline
999 _c290468
_d290468